000 00811cab a2200265 4500
001 ABS59087
008 090401t1998 xxu||||| |||| 00| 0 eng d
035 _a(Sirsi) u87395
041 _aeng
100 _aMinton, A.
245 _aIn a maze of delays
260 _c1998
350 _a0
490 _aEstates Gazette
_v(9825) 20 June 1998, 56-58(3)
520 _aDiscusses delays in the planning system. Comments on the government`s publications relating to planning published in 1998 and its proposed reform of the local plan system.
650 _aDELAYS
650 _aDEVELOPERS
650 _aGOVERNMENT POLICY
650 _aLOCAL DEVELOPMENT PLANS
650 _aPLANNING INQUIRIES
650 _aPLANNING SYSTEM
690 _aPLANNING LAW AND PRACTICE
942 _n0
948 _c14/07/1998
999 _c55109
_d55109